Riempi la Mappa dell'Europa Indovinando i Colori della Bandiera - Statistics

Statistiche generali
  • Questo quiz è stato fatto 5.344 volte
  • Il punteggio medio è 104 su 142
Risposte nella Mappa
Le risposte nella mappa del quiz sottostante sono codificate secondo una scala di colori dal rosso al verde in base alla % di persone che hanno risposto correttamente.
 
Statistiche sulle risposte
Paese Colore % Corretto
Russia Bianco
98%
Francia Bianco
97%
Italia Bianco
97%
Russia Blu
97%
Francia Blu
97%
Russia Rosso
97%
Francia Rosso
97%
Italia Rosso
97%
Italia Verde
97%
Germania Nero
96%
Germania Rosso
96%
Germania Oro
95%
Ucraina Blu
93%
Ucraina Giallo
93%
Svizzera Bianco
92%
Belgio Giallo
92%
Belgio Nero
92%
Belgio Rosso
92%
Svizzera Rosso
92%
Austria Bianco
91%
Polonia Bianco
91%
Austria Rosso
91%
Polonia Rosso
91%
Grecia Bianco
90%
Grecia Blu
90%
Regno Unito Blu
90%
Regno Unito Rosso
90%
Paesi Bassi Bianco
89%
Repubblica Ceca Bianco
89%
Regno Unito Bianco
89%
Paesi Bassi Blu
89%
Repubblica Ceca Blu
89%
Paesi Bassi Rosso
89%
Repubblica Ceca Rosso
89%
Irlanda Verde
89%
Ungheria Bianco
88%
Irlanda Bianco
88%
Romania Blu
88%
Ungheria Rosso
88%
Irlanda Arancione
87%
Romania Giallo
87%
Romania Rosso
87%
Ungheria Verde
87%
Finlandia Bianco
86%
Norvegia Bianco
86%
Danimarca Bianco
86%
Finlandia Blu
86%
Svezia Blu
86%
Norvegia Blu
86%
Svezia Giallo
86%
Norvegia Rosso
86%
Danimarca Rosso
86%
Islanda Bianco
85%
Islanda Blu
85%
Islanda Rosso
85%
Albania Rosso
85%
Bulgaria Bianco
84%
Albania Nero
84%
Bulgaria Rosso
83%
Macedonia del Nord Rosso
83%
Bulgaria Verde
83%
Lettonia Bianco
82%
Estonia Blu
82%
Lettonia Carminio
82%
Macedonia del Nord Giallo
82%
Bielorussia Rosso
82%
Estonia Bianco
81%
Lussemburgo Bianco
81%
Bosnia andHerzegovina Blu
81%
Bielorussia Verde
81%
Bielorussia Bianco
80%
Slovacchia Bianco
80%
Slovacchia Blu
80%
Lussemburgo Blu chiaro
80%
Bosnia ed Erzegovina Giallo
80%
Estonia Nero
80%
Lussemburgo Rosso
80%
Slovacchia Rosso
80%
Bosnia ed Erzegovina Bianco
79%
Kosovo Blu
79%
Lituania Giallo
79%
Kosovo Oro
78%
Lituania Rosso
78%
Montenegro Rosso
78%
Lituania Verde
78%
Croazia Bianco
77%
Croazia Rosso
77%
Kosovo Bianco
76%
Slovenia Bianco
76%
Slovenia Blu
76%
Croazia Blu
76%
Montenegro Oro
76%
Slovenia Rosso
76%
Spagna Giallo
71%
Spagna Rosso
71%
Montenegro Blu
68%
Slovenia Giallo
67%
Serbia Rosso
67%
Serbia Bianco
66%
Serbia Blu
66%
Moldavia Blu
64%
Moldavia Rosso
64%
Moldavia Giallo
63%
Serbia Oro
62%
Portogallo Rosso
62%
Montenegro Verde
62%
Portogallo Verde
61%
Malta Bianco
56%
Monaco Bianco
55%
Portogallo Giallo
55%
Monaco Rosso
55%
Malta Rosso
55%
San Marino Bianco
54%
Città del Vaticano Bianco
53%
San Marino Blu chiaro
53%
Città del Vaticano Giallo
53%
Andorra Rosso
51%
Portogallo Bianco
50%
Andorra Giallo
50%
Andorra Blu
49%
Croazia Giallo
49%
Liechtenstein Blu
48%
Spagna Oro
47%
Liechtenstein Rosso
47%
Croazia Nero
46%
Liechtenstein Giallo
44%
Portogallo Blu
43%
Croazia Blu chiaro
40%
Moldavia Marrone
39%
Moldavia Verde
39%
San Marino Verde
39%
San Marino Giallo
38%
Spagna Blu
36%
Spagna Beige
34%
Spagna Verde
33%
Andorra Marrone
32%
Spagna Grigio
30%
Città del Vaticano Rosso
29%
Spagna Rosso (più scuro)
29%
Spagna Bianco
26%
Città del Vaticano Grigio
25%
Spagna Rosa
25%
Nessun quiz corrispondente trovato
Distribuzione punteggi
Percentuale di utenti per punteggio
Percentile per numero di risposta
I tuoi punteggi nel tempo
Non hai fatto questo quiz